01502nam a2200337 i 4500001001000000003000900010005001700019007000300036008004100039040003000080049000900110082002500119100004000144245008600184260004300270264004600313300005800359336002700417337003300444338002800477504004000505590002600545650006200571650005600633700004600689942001400735952011800749952012400867952015800991999001501149000008365DO-SdBNP20250623111908.0ta090916s199u dr ad 000 0 spa d aDO-SdBNPbspacBNPHUerda aBNPD 4a380.17293bL333m222 aLarrauri, Ryan,eautor4aut.92257810aMercadeo :bgénesis y evolución /cRyan Larraury ; prólogo, Delio Pichardo. aSanto Domingo.fAmigo del Hogarc199u. 1aSanto Domingo :bAmigo del Hogar,c199-?. a201 páginas :bilustraciones, diágramas ;c22 cm. atextobtxt2rdacontent asin mediaciónbn2rdamedia avolumenbnc2rdacarrier aBibliografía : páginas 197-201. aInventariado, 2025/BT 4aAdministración de mercadeozRepublica Dominicana922579 4aAnálisis de mercadeozRepublica Dominicana9225801 aPichardo, Delio,eprologuista4pr.922581 2ddccLBS1 0010718PDaPDbPDcCTd2009-09-16iLF1l0o380.17293 L333mp8365-10r2020-06-25w2020-06-25yLFPDZNo se presta 0010718PDaPDbPDcCTd2009-09-16iLF1l0o380.17293 L333mp8365-20r2020-06-25te. 2w2020-06-25yLFPDZNo se presta 00102ddc56708DSaBNPHUbBNPHUcCTd2025-06-23eDonado por Claro Dominicanal0oBNPHU DS 380.17293 L333mp2025-5443r2025-06-23te.3w2025-06-23yLBS1 c8136d8136